Statistics for 1980s Cartoons

Click here to take the quiz!

General Stats

  • This quiz has been taken 45 times
  • The average score is 10 of 15

Answer Stats

Hint Answer % Correct
Colorful bears with special powers travel the world on missions of caring.The Care Bears
92%
Two Italian plumbers have adventures in the Mushroom Kingdom, interspersed with live-action skits in New York.The Super Mario Bros. Super Show
90%
A prince uses a magic sword to transform into a musclebound hero and defends his kingdom from an evil wizard with a skeletal face.He-Man and the Masters of the Universe
87%
Society of small blue people is threatened by an old man and his cat.The Smurfs
87%
Four mutated tortoises live in the NYC sewers and fight robot ninjas.Teenage Mutant Ninja Turtles
87%
Two sets of warring robots from another planet disguise themselves as automobiles while on Earth.The Transformers
85%
A team of paranormal investigators with high-tech equipment capture spirits in New York.The Real Ghostbusters
77%
Two chipmunks start a detective agency to solve crimes and help other animals.Chip 'n Dale: Rescue Rangers
74%
A bumbling cyborg detective thwarts evildoers with the aid of his niece and their dog.Inspector Gadget
59%
Anthropomorphic waterfowl places his three nephews in the care of his rich uncle.DuckTales
56%
Cat people with a magic sword battle space mutants led by a sorcerer mummy.ThunderCats
54%
Magical horses live a peaceful life except when defending themselves against monsters.My Little Pony
54%
Special military unit battles international serpent-themed terrorist organization.G.I. Joe: A Real American Hero
54%
5 pilots use robot lions that combine into a larger robot to protect their planet.Voltron
31%
A group of infants use their imaginations to go on wild adventures without ever leaving their nursery.Muppet Babies
31%

Score Distribution

Percentile by Number Answered

Percent of People with Each Score

Your Score History

You have not taken this quiz